000 00445cam a2200193ua 4500
001 9189
005 20260515114434.0
008 150223n ii |||gr||||Z||||||eng
040 _cMAIN
041 _aeng
082 _a320.5
100 _aPaul, K. Ch.,
_eAuthor.
245 1 _aHS political theory
_cBy K. Ch. Paul
250 _a21th.
260 _aNew Delhi:
_bKalyani,
_c2010.
300 _a210p.
653 _aPolitical science
942 _cBK
999 _c8252
_d8252